Chemical weapons
| Main Author: | |
|---|---|
| Format: | Book |
| Language: | English |
| Published: |
New Delhi
Discovery Publishing House
2009
|
| Series: | Encyclopaedia of bioterrorism
vol.IV |
| Subjects: |
| LEADER | 00565cam a2200205 a 4500 | ||
|---|---|---|---|
| 001 | 0000125777 | ||
| 005 | 20110105090000.0 | ||
| 040 | |a mod | ||
| 041 | |a eng | ||
| 020 | 0 | 0 | |a 9788183563871 |
| 090 | 0 | 0 | |a 358.34 |b SKP |e 2009 |
| 100 | 0 | 0 | |a S. K. Prasad |
| 245 | 1 | 0 | |a Chemical weapons |c S. K. Prasad |
| 260 | 0 | 0 | |a New Delhi |b Discovery Publishing House |c 2009 |
| 300 | |a 350 p. |c 23 cm | ||
| 440 | 0 | 0 | |a Encyclopaedia of bioterrorism |v vol.IV |
| 500 | 0 | 0 | |a Includes index |
| 650 | 0 | 0 | |a Chemical warfare |
| 852 | 0 | 0 | |a 01 |
| 999 | |a B004292 |b STRIDE |d BOOKS |e Umum |f STRIDE |j AVAILABLE |q GOOD CONDITION | ||